Titres de chansons de Téléphone - Clic Quiz - Statistiques

Statistiques générales
  • Ce quiz a été pris 130 fois
  • Le résultat moyen est 17 sur 20
Statistiques - réponses
Hint Réponse % Correct
New York avec Toi
99%
Argent trop Cher
98%
Crache ton Venin
98%
La bombe Humaine
97%
Tu vas me Manquer
97%
Le jour s'est Levé
96%
Un peu de ton Amour
93%
Un autre Monde
93%
Ex-Robin des Bois
92%
Sur la Route
92%
Ce que je Veux
92%
Métro c'est Trop
88%
Le Chat
85%
Le vaudou est toujours Debout
85%
Fait Divers
78%
Jour contre Jour
68%
Au cœur de la Nuit
60%
Fleur de ma Ville
56%
Electric Cité
55%
Dure Limite
50%
Aucun quiz correspondant
Distribution des résultats
% des personnes avec chaque résultat
Percentile par nombre de réponses
Votre historique - résultats
Vous n’avez pas pris ce quiz